000 00898nam a22002897a 4500
001 BR2012001790
003 BR-BrBNA
005 20230928103916.0
007 ta
008 230509b bl.||||| |||| 00| 0 por d
040 _aBR-BrBNA
_bpor
_cBiblioteca Nacional de Agricultura
041 _a(Por)
072 _aF30
_b0313
090 _ 0313 BR2012001790
100 1 _aSilva, L.F. de O. da
110 1 _aUniversidade Federal de Lavras, MG (Brasil)
_0Tese (Mestrado)
245 1 _aCaracterização agroindustrial de cultivares de oliveira com potencial econômico para o sul de Minas Gerais
260 3 _aLavras, MG (Brasil):
_c2011.
300 _a84 p.
500 _aSummaries (Eng, Por); Several bibliography; 13 tables
650 _aAZEITONA
650 _aBANCO DE GERMOPLASMA
650 _aAZEITE
650 _aMINAS GERAIS
909 _a202309
_bLucia
_c55
_dLucia Elande
942 _cBK
999 _c77192
_d77192